Europäische Länder mit der höchsten Arbeitslosigkeit - Statistiken

Allgemein
  • Dieses Quiz wurde 408 mal gespielt
  • Das Durchschnittsergebnis liegt bei 6 aus 10
Antwortstatistiken
% Land % Korrekt
11.9 Serbien
81%
17.5 Albanien
80%
21.7 Griechenland
79%
35.3 Kosovo
78%
18.4 Bosnien und Herzegowina
73%
17.3 Montenegro
72%
16.8 Spanien
72%
20.8 Mazedonien
52%
10.3 Lettland
27%
10.6 Österreich
17%
Keine übereinstimmenden Quizze gefunden
Verteilung der Resultate
Anzahl Personen mit jedem Resultat
Perzentil nach korrekt beantworteten Fragen
Ihre Resultats-Entwicklung
Sie haben dieses Quiz noch nicht gespielt